01223nam a2200169 4500008004100000100001900041245009800060260000900158300001700167520071000184650001500894650002700909650002600936700001700962700002300979773005101002190513b ||||| |||| 00| 0 eng d aKasdin, Stuart aGetting performance from performance management: a framework for strategic management choices c2018 ap.1228-1242. aThe choices for optimal performance management depend upon the circumstances – there is no single ideal management approach. The principals have three basic tools available to encourage high performance from subordinate entities: they can delegate authority, impose rewards or sanctions, and/or develop (or enhance) a performance measurement system. These tools allow the principals to motivate, delegate, educate, reevaluate, and/or reassign the agent in order to generate increased learning and improved outcomes from the program. Thus, depending on the nature of the agency culture and the quality of the performance measures, different managerial responses will have different results. - Reproduced. aManagement aPerformance management aNew public management aBarnow, Burt aNewcorner, Kathryn aInternational Journal of Public Administration